Assessing the Benefits of Small Scale Aquaculture as Household Level: A Case of Chilanga District/ (Record no. 1686)

MARC details
000 -LEADER
fixed length control field 00493nam a22001457a 4500
005 - DATE AND TIME OF LATEST TRANSACTION
control field 20250228083245.0
008 - FIXED-LENGTH DATA ELEMENTS--GENERAL INFORMATION
fixed length control field 250228b |||||||| |||| 00| 0 eng d
040 ## - CATALOGING SOURCE
Original cataloging agency KMU
Transcribing agency KMU
Modifying agency KMU
100 ## - MAIN ENTRY--PERSONAL NAME
Personal name Mpangala, Jonathan
245 ## - TITLE STATEMENT
Title Assessing the Benefits of Small Scale Aquaculture as Household Level: A Case of Chilanga District/
Statement of responsibility, etc. Jonathan Mpangala.
260 ## - PUBLICATION, DISTRIBUTION, ETC.
Place of publication, distribution, etc. Chinsali:
Name of publisher, distributor, etc. Kapasa Makasa University,
Date of publication, distribution, etc. 2020.
300 ## - PHYSICAL DESCRIPTION
Extent iv, 29p.:
Other physical details ill;
Dimensions 30 cm.
650 ## - SUBJECT ADDED ENTRY--TOPICAL TERM
Topical term or geographic name entry element Fisheries and Aquac
942 ## - ADDED ENTRY ELEMENTS (KOHA)
Koha item type Student Project Report
Suppress in OPAC No
Holdings
Withdrawn status Lost status Damaged status Not for loan Collection Home library Current library Shelving location Date acquired Total Checkouts Date last seen Price effective from Koha item type
        Reference Kapasa Makasa University Kapasa Makasa University Reference 28.02.2025   28.02.2025 28.02.2025 Student Project Report